000 00360nam a2200133Ia 4500
008 191111s9999 xx 000 0 und d
020 _a9781260084054
100 _aHoyle, Joe B.
245 _cJoe B. Hoyle.--
_aAdvanced accounting /
250 _a13th ed
260 _aUSA :
_bMcGraw-Hill Education
_c2017
300 _axxii, 948 pages.
650 _aAccounting
999 _c362661
_d362661